000 00544cam a22001934a 4500
005 20250605164223.0
008 250528s ||||||||||||||||||||||||d
035 _a20770
020 _a9607019469
040 _aGR-AtMCL
_bgre
_dGR-AtMCL
_eAACR2
245 1 _aΜΟΝΤΕΛΑ ΚΑΙ ΜΕΘΟΔΟΙ ΓΙΑ ΤΙΣ ΕΠΙΣΤΗΜΕΣ ΤΗΣ ΣΥΜΠΕΡΙΦΟΡΑΣ
250 _a2
260 _bΕλληνικά Γράμματα,
_c1996
300 _a63
700 1 _aMacrae Sandy
_9274
942 _cBK
999 _c5853
_d5853